LDR 01235nam a2200265 i 4500 001 000000074017 003 CaOOAMICUS 005 20260424122100.0 008 070410s1925 it u000 u ita u 040 $aSeMil$bita 100 1 $aKlaczko, Julian.$0(OLS)http://semarc/name/36735 245 10$aConversazioni fiorentine /$cGiuliano Klaczko ; traduzione di G. Sanna. 264 1$aBari :$bLaterza & Figli,$c1925. 300 $a220 p. ;$c21 cm. 490 1 $aBiblioteca di cultura moderna 500 $aIn mezzo al front.: Dante e Michelangelo, Beatrice e la poesia d'amore, Dante e il Cattolicismo, la tragedia di Dante 600 14$aAlighieri, Dante <1265-1321>.$0(OLS)http://semarc/subject/2905 600 14$aBuonarroti, Michelangelo <1475-1564>.$0(OLS)http://semarc/subject/2349 700 1 $aSanna, Giovanni,$d<1877-1950>.$0(OLS)http://semarc/name/3648 830 0$aBiblioteca di cultura moderna.$0(OLS)http://semarc/title/639 850 $aSeMil 852 $aSeMil$W1$xVenegono$y1$m1O II 5$j270902$B40169$CSeMilBibl$Z2$F40173 $81 996 $6245$aConversazioni fiorentine$9(OLS)http://semarc/title/120088 996 $6264$aBari :$bLaterza & Figli$9(OLS)http://semarc/publisher/29663